000 00670nam a2200217Ia 4500
008 101110s9999 xx 000 0 und d
041 _aENGLISH
082 _bJR5792
100 _aMurthy V.B.N., Raghava J. (Compiled)
245 _aBanking briefs : a compendium of readings of relevance to bankers
260 _c1998
_bState bank staff college,Hydrabad
300 _a191
365 _b0
520 _aCommerce
546 _aENGLISH
630 _aBanking briefs : a compendium of readings of relevance to bankers
650 _aCommerce
655 _aCommerce
730 _aBanking briefs : a compendium of readings of relevance to bankers
942 _cBOOK
999 _c796586
_d796583